00714nam a22002171 450000500170000000800410001701000140005802000230007203500130009503500170010803700230012504000180014808200150016610000270018124500810020826000400028927000670032930000300039650000480042665000220047420050808122104.0721219s1962 nyu | 00| 0 eng  aENG-93932 a8189412405c400.00 aEN-77465 aB-341135-147 bAviskar Prakashan  adplbEnglish  a026.000954 aBhupendra Prasad Singh aSpecial library system and information services /cby Bhupendra Prasad Singh aNew DelhibAvishkar Prakashanc2008 aL-20/13, Gali No.5, Chivaji Marg, Kartar Nagarb Delhie110053 aviii,279 p.c23 cm. (Hb)  aincludes bibliographical references & index aSpecial libraries